| 000 | 00564cam a2200217ua 4500 | ||
|---|---|---|---|
| 020 |
_a0 07 099215 0 _c180.00 |
||
| 041 |
_aeng _h |
||
| 082 |
_a629.22 _bCRO/AU |
||
| 100 | _aCrouse, William H . | ||
| 245 |
_aAutomotive mechanics / _cWilliam H Crouse. _hTextual Documents |
||
| 250 |
_a9 / _b. |
||
| 260 |
_aNew Delhi : _bTata Mc-Graw Hill Publishing Company , _c1993. |
||
| 300 | _a665 ; . | ||
| 365 | _a180.00 | ||
| 500 | _a* CSS | ||
| 504 | _a | ||
| 700 | 1 | _aAnglin, Donald . | |
| 942 | _cBK | ||
| 999 |
_c9633 _d9633 |
||